00369pab a2200121 454500008004000000100002400040245010200064260000900166300001400175362000800189650002200197773002800219180718b2008 xxu||||| |||| 00| 0 eng d aCarroll, Deborah A. aTax increment finanacing and property value: an examination of business property using panel data c2008 ap.520-52. aMar aRight to property aUrban Affairs Quarterly